[Event "15th BCC Open 2015"]
[Site "Pattaya THA"]
[Date "2015.04.13"]
[Round "3.8"]
[White "Lorparizangeneh, Shahin"]
[Black "Ghosh, Diptayan"]
[Result "1/2-1/2"]
[WhiteTitle "FM"]
[BlackTitle "IM"]
[WhiteElo "2319"]
[BlackElo "2512"]
[WhiteFideId "12521604"]
[BlackFideId "5045207"]
[EventDate "2015.04.12"]
[EventType "swiss"]

1. d4 Nf6 2. c4 g6 3. Nc3 d5 4. cxd5 Nxd5 5. Bd2 Bg7 6. e4 Nxc3 7. Bxc3 c5 8. d5
Bxc3+ 9. bxc3 O-O 10. Qd2 Qd6 11. f4 e6 12. Bc4 b5 13. Bxb5 exd5 14. exd5 Nd7
15. Ne2 Nb6 16. Bc6 Rb8 17. O-O Bd7 18. Bxd7 Qxd7 19. f5 Nxd5 20. Rad1 Rfd8 21.
Ng3 Nf6 22. Qe2 Qc6 23. fxg6 hxg6 24. Qe5 Nh7 25. Qe7 Rf8 26. Rd6 Qe8 27. Rd7
Qxe7 28. Rxe7 a5 29. Ne4 f5 30. Nxc5 Rfc8 31. Ne6 Nf8 32. Nxf8 Kxf8 33. Re5 Kg7
34. Rf3 Rb1+ 35. Kf2 a4 36. Rd3 Rc1 37. Re7+ Kf6 38. Ra7 Rc2+ 39. Kg3 R8xc3 40.
Ra6+ Kg5 41. h4+ Kh5 42. Rxc3 Rxc3+ 43. Kh2 Ra3 44. g3 Rxa2+ 45. Kh3 Ra3 46. Ra5
Kh6 47. Kg2 Ra1 48. Ra7 a3 49. Kh2 g5 50. hxg5+ Kxg5 51. Ra4 Kf6 52. Ra5 Ke6 53.
Kg2 Ra2+ 54. Kf3 Ra1 55. Kg2 Kf6 56. Kf2 Kg5 57. Kg2 a2 58. Ra8 1/2-1/2

[Event "15th BCC Open 2015"]
[Site "Pattaya THA"]
[Date "2015.04.13"]
[Round "3.9"]
[White "Rantanen, Yrjo A."]
[Black "Barbosa, Oliver"]
[Result "0-1"]
[WhiteTitle "GM"]
[BlackTitle "GM"]
[WhiteElo "2308"]
[BlackElo "2501"]
[WhiteFideId "500038"]
[BlackFideId "5201640"]
[EventDate "2015.04.12"]
[EventType "swiss"]

1. e4 c6 2. d4 d5 3. exd5 cxd5 4. c4 Nf6 5. Nc3 e6 6. cxd5 Nxd5 7. Bd3 Nxc3 8.
bxc3 Qc7 9. Bd2 Nd7 10. Nf3 b6 11. O-O Bb7 12. Re1 Bd6 13. c4 O-O 14. Bc3 Rfe8
15. Ng5 h6 16. Nf3 Rad8 17. Rb1 Be7 18. Qe2 Bf6 19. Rbc1 Rc8 20. Bb2 Red8 21.
Red1 Qf4 22. Qe3 Qg4 23. h3 Qh5 24. Be2 Qa5 25. Qb3 Nf8 26. Ne5 Bxe5 27. Bc3
Bh2+ 28. Kxh2 Qf5 29. Kg1 Ng6 30. Bg4 Qg5 31. Bd2 Qf6 32. d5 h5 33. Bc3 Qg5 34.
Bd2 Qh4 35. g3 Qf6 36. Bc3 Qg5 37. Bd2 Qe7 38. Bb4 Qg5 39. Bd2 Qe5 40. Re1 Qd4
41. Be3 Qf6 42. Bxh5 exd5 43. cxd5 Bxd5 44. Qb5 Rxc1 45. Bxc1 Kh7 46. Bb2 Qf5
47. Bg4 Qc2 48. Qb4 Bxa2 49. h4 Qc4 50. Qxc4 Bxc4 51. h5 Nf8 52. Re7 a5 53. Bf5+
Kg8 54. Rc7 b5 55. Bc3 a4 56. Bb4 Ne6 57. Rb7 Nd4 58. Rd7 Rxd7 59. Bxd7 Nc2 60.
Bc3 a3 0-1

[Event "15th BCC Open 2015"]
[Site "Pattaya THA"]
[Date "2015.04.13"]
[Round "3.10"]
[White "Puccini, Jack"]
[Black "Kunte, Abhijit"]
[Result "1/2-1/2"]
[WhiteTitle "FM"]
[BlackTitle "GM"]
[WhiteElo "2241"]
[BlackElo "2485"]
[WhiteFideId "3213307"]
[BlackFideId "5002265"]
[EventDate "2015.04.12"]
[EventType "swiss"]

1. e4 e5 2. Nf3 Nc6 3. d4 exd4 4. Nxd4 Bc5 5. Nxc6 Qf6 6. Qf3 bxc6 7. Bc4 Qxf3
8. gxf3 Ne7 9. Nc3 d6 10. Be3 Bxe3 11. fxe3 Be6 12. Bb3 O-O-O 13. Kf2 Kb7 14.
Rad1 Rhf8 15. Rhg1 g6 16. Ne2 Bxb3 17. axb3 f5 18. exf5 Nxf5 19. Nd4 Rde8 20.
Nxf5 Rxf5 1/2-1/2

[Event "15th BCC Open 2015"]
[Site "Pattaya THA"]
[Date "2015.04.14"]
[Round "4.2"]
[White "Vallejo Pons, Francisco"]
[Black "Deepan, Chakkravarthy J."]
[Result "1-0"]
[WhiteTitle "GM"]
[BlackTitle "GM"]
[WhiteElo "2708"]
[BlackElo "2476"]
[WhiteFideId "2205530"]
[BlackFideId "5011132"]
[EventDate "2015.04.12"]
[EventType "swiss"]

1. c4 e5 2. g3 Nf6 3. Bg2 Nc6 4. Nc3 Bc5 5. a3 a5 6. e3 O-O 7. Nge2 d6 8. d3 Ne7
9. O-O c6 10. d4 Ba7 11. b4 Bg4 12. h3 Be6 13. Qd3 h6 14. Bb2 Ng6 15. f4 e4 16.
Nxe4 Nxe4 17. f5 d5 18. fxe6 f5 19. cxd5 cxd5 20. Qb5 Qg5 21. Rf3 Nd2 22. Qxd5
Ne7 23. Qxb7 Rfb8 24. h4 Qf6 25. Qd7 Rd8 26. Qb5 Nxf3+ 27. Bxf3 Qxe6 28. Bxa8
Qxe3+ 29. Kh2 Rxa8 30. Rf1 axb4 31. axb4 Rc8 32. Bc1 Qe4 33. Rf4 Qe6 34. Qd3 Nd5
35. Rxf5 Nxb4 36. Qf3 Bb8 37. d5 Qe7 38. Kh3 Rc2 39. Ba3 Bd6 40. Nd4 Ra2 41.
Bxb4 1-0

[Event "15th BCC Open 2015"]
[Site "Pattaya THA"]
[Date "2015.04.14"]
[Round "4.3"]
[White "Barbosa, Oliver"]
[Black "Short, Nigel D"]
[Result "1-0"]
[WhiteTitle "GM"]
[BlackTitle "GM"]
[WhiteElo "2501"]
[BlackElo "2664"]
[WhiteFideId "5201640"]
[BlackFideId "400025"]
[EventDate "2015.04.12"]
[EventType "swiss"]

1. d4 d5 2. c4 e6 3. Nf3 a6 4. g3 dxc4 5. Bg2 b5 6. Ne5 c6 7. a4 Bb7 8. Nc3 f6
9. Nf3 b4 10. Na2 c5 11. O-O cxd4 12. Qxd4 Qxd4 13. Nxd4 Bxg2 14. Kxg2 Kf7 15.
Be3 Nd7 16. Rfd1 Ne5 17. Rac1 Rc8 18. Nf3 Be7 19. Rd4 c3 20. bxc3 Nc4 21. cxb4
Nxe3+ 22. fxe3 Nh6 23. Rdc4 Rxc4 24. Rxc4 Nf5 25. Kf2 Rb8 26. Nd4 Nd6 27. Rc7
Rb7 28. Rxb7 Nxb7 29. Ke1 Bd6 30. Kd2 Ke7 31. Kc3 Kd7 32. Nc1 Bb8 33. Ncb3 Ba7
34. Kd3 e5 35. Nf3 Nd6 36. e4 h5 37. h3 f5 38. Nbd2 Ke6 39. exf5+ Kxf5 40. e4+
Ke6 41. Nc4 Nf7 42. b5 axb5 43. axb5 Bf2 44. g4 hxg4 45. hxg4 Bc5 46. Kc3 Bd6
47. Kb3 Nh6 48. g5 Ng4 49. b6 Nf2 50. Ncd2 Kd7 51. Ka4 Kc6 52. Ka5 Bb8 53. Nh4
Nh3 54. g6 Nf4 55. Nb3 Ne6 56. Ka6 Nf4 57. Na5+ Kd7 58. Kb7 Bd6 59. Nc4 Bc5 60.
Nxe5+ Ke6 61. Nef3 Kd7 62. Ka6 Bf2 63. Ne5+ Kc8 64. b7+ Kc7 65. Nc6 1-0

[Event "15th BCC Open 2015"]
[Site "Pattaya THA"]
[Date "2015.04.14"]
[Round "4.4"]
[White "Gustafsson, Jan"]
[Black "Palit, Somak"]
[Result "1-0"]
[WhiteTitle "GM"]
[BlackTitle "IM"]
[WhiteElo "2639"]
[BlackElo "2415"]
[WhiteFideId "4625498"]
[BlackFideId "5010454"]
[EventDate "2015.04.12"]
[EventType "swiss"]

1. Nf3 Nf6 2. c4 c5 3. d4 cxd4 4. Nxd4 g6 5. Nc3 Bg7 6. g3 d5 7. cxd5 Nxd5 8.
Bg2 Nxc3 9. bxc3 O-O 10. O-O Nc6 11. Nxc6 bxc6 12. Be3 Be6 13. Bd4 Bd5 14. Bxg7
Kxg7 15. Qd4+ f6 16. Rfd1 Bxg2 17. Kxg2 Qxd4 18. cxd4 Rab8 19. Rdc1 Rb2 20. e3
e5 21. Rxc6 exd4 22. exd4 Rd8 23. Re1 Rd7 24. Ra6 f5 25. Rd1 Rc7 26. Rd3 Rcc2
27. Rxa7+ Kf6 28. Rf3 Rxa2 29. Rxh7 Rd2 30. Rd7 Ke6 31. Rb7 Ra6 32. Re3+ Kd5 33.
Rd7+ Kc4 34. Re1 Raa2 35. Rc1+ Kd3 36. Rf1 g5 37. Rd5 f4 38. Rxg5 fxg3 39. hxg3
Kxd4 40. Rf5 Ke4 41. Rf4+ Ke5 42. Re1+ 1-0

[Event "15th BCC Open 2015"]
[Site "Pattaya THA"]
[Date "2015.04.14"]
[Round "4.5"]
[White "Ganguly, Surya Shekhar"]
[Black "Ritviz, Parab"]
[Result "1/2-1/2"]
[WhiteTitle "GM"]
[WhiteElo "2603"]
[BlackElo "2188"]
[WhiteFideId "5002150"]
[BlackFideId "5073367"]
[EventDate "2015.04.12"]
[EventType "swiss"]

1. e4 e5 2. Nf3 Nc6 3. Bb5 a6 4. Ba4 Nf6 5. O-O Be7 6. Re1 b5 7. Bb3 d6 8. c3
O-O 9. h3 Na5 10. Bc2 c5 11. d4 Qc7 12. Nbd2 cxd4 13. cxd4 Nc6 14. Nb3 a5 15.
Be3 a4 16. Nbd2 Bd7 17. Rc1 Rac8 18. Bd3 Qb8 19. Qe2 Nb4 20. Bb1 Rfe8 21. Nf1
Nc6 22. Ng3 h6 23. Qd2 Bd8 24. Bxh6 gxh6 25. Qxh6 Nxd4 26. Rxc8 Nxf3+ 27. gxf3
Qxc8 28. Kh1 Re6 29. Rc1 Qa6 30. Nf5 Ne8 31. Rg1+ Rg6 32. Rxg6+ fxg6 33. Qxg6+
Kh8 34. Nh6 Ng7 35. Qf7 Be6 36. Qf8+ Kh7 37. Nf5 Qa7 38. Qxd8 Qxf2 39. Qh4+ Qxh4
40. Nxh4 Bxh3 41. a3 Kh6 42. Kh2 Bd7 43. Ng2 Ne6 44. Kg3 Kg5 45. Kf2 Nf4 46. Ne3
Be6 47. Nd1 Bc4 48. Ne3 Be6 49. Ke1 Kh4 50. Bc2 Kg3 51. Nf5+ Kxf3 52. Nxd6 Ke3
53. Nf5+ Kf3 54. Kd2 Bxf5 55. exf5 e4 56. Bd1+ Kf2 57. Kc3 Ke3 58. Kb4 Kd2 59.
Bg4 Nd5+ 60. Kc5 Nf6 61. Bh3 Ke2 62. Bg2 e3 63. Bc6 Kd2 64. Bxb5 Kc2 65. Kb4
Kxb2 66. Kxa4 Ne4 67. Kb4 Nd6 68. f6 Nxb5 69. Kxb5 e2 70. f7 e1=Q 71. f8=Q Qe5+
72. Ka4 Qd5 73. Qb8+ Ka2 74. Qh2+ Ka1 75. Qg1+ Ka2 76. Qf2+ Ka1 77. Qe1+ Ka2 78.
Qe2+ Ka1 79. Qb5 Qd4+ 80. Ka5 Qa7+ 81. Kb4 Qd4+ 82. Qc4 Qb6+ 83. Ka4 Qa7+ 84.
Kb3 Qb6+ 85. Qb4 Qe6+ 86. Kc2 Qe2+ 87. Qd2 Qe4+ 88. Qd3 Qa4+ 89. Kc1 Qc6+ 90.
Qc2 Qh6+ 91. Kd1 Qd6+ 92. Qd2 Qxa3 93. Qc1+ Qxc1+ 94. Kxc1 1/2-1/2

[Event "15th BCC Open 2015"]
[Site "Pattaya THA"]
[Date "2015.04.14"]
[Round "4.8"]
[White "Ghosh, Diptayan"]
[Black "Stokke, Kjetil"]
[Result "1-0"]
[WhiteTitle "IM"]
[BlackTitle "IM"]
[WhiteElo "2512"]
[BlackElo "2360"]
[WhiteFideId "5045207"]
[BlackFideId "1502964"]
[EventDate "2015.04.12"]
[EventType "swiss"]

1. d4 Nf6 2. c4 g6 3. g3 Bg7 4. Bg2 O-O 5. Nc3 d6 6. Nf3 Nc6 7. O-O Bf5 8. Be3
Ne4 9. Nxe4 Bxe4 10. d5 Nb4 11. Bh3 Bxf3 12. exf3 a5 13. Qe2 a4 14. a3 Na6 15.
Rad1 Nc5 16. f4 Ra6 17. f5 Rb6 18. Bd4 Bf6 19. fxg6 hxg6 20. Rfe1 Rb3 21. Bg4 b5
22. h4 bxc4 23. Qxc4 Qb8 24. Bxf6 exf6 25. h5 f5 26. Qd4 Ne4 27. hxg6 fxg6 28.
Rxe4 fxe4 29. Be6+ Kh7 30. Kg2 Rf5 31. Bxf5 gxf5 32. Qf6 1-0

[Event "15th BCC Open 2015"]
[Site "Pattaya THA"]
[Date "2015.04.14"]
[Round "4.9"]
[White "Biag, Ivan Gil"]
[Black "Laylo, Darwin"]
[Result "0-1"]
[WhiteTitle "FM"]
[BlackTitle "GM"]
[WhiteElo "2328"]
[BlackElo "2499"]
[WhiteFideId "5201624"]
[BlackFideId "5201330"]
[EventDate "2015.04.12"]
[EventType "swiss"]

1. d4 Nf6 2. c4 g6 3. Nc3 d5 4. Bf4 Bg7 5. e3 O-O 6. Nf3 c5 7. dxc5 Qa5 8. Rc1
Nbd7 9. Qa4 Qxc5 10. b4 Qc6 11. Qxc6 bxc6 12. cxd5 cxd5 13. Bb5 Bb7 14. O-O a6
15. Bxd7 Nxd7 16. Na4 Rac8 17. Bc7 e5 18. Nd2 Rfe8 19. Nb3 d4 20. Nb6 Nxb6 21.
Bxb6 Bd5 22. Bc5 d3 23. Nd2 e4 24. Nc4 Bxc4 25. Rxc4 a5 26. Rcc1 axb4 27. Bxb4
Ra8 28. f3 Bh6 29. Bc5 Rxa2 30. Rf2 Rxf2 31. Kxf2 Rc8 32. Ba3 Ra8 33. Bd6 f5 34.
fxe4 fxe4 35. Rc4 Rd8 36. Rd4 0-1

[Event "15th BCC Open 2015"]
[Site "Pattaya THA"]
[Date "2015.04.14"]
[Round "4.10"]
[White "Kunte, Abhijit"]
[Black "Lorparizangeneh, Shahin"]
[Result "1/2-1/2"]
[WhiteTitle "GM"]
[BlackTitle "FM"]
[WhiteElo "2485"]
[BlackElo "2319"]
[WhiteFideId "5002265"]
[BlackFideId "12521604"]
[EventDate "2015.04.12"]
[EventType "swiss"]

1. c4 g6 2. d4 Nf6 3. g3 c6 4. Nf3 d5 5. Bg2 Bg7 6. cxd5 cxd5 7. O-O O-O 8. Ne5
Ne4 9. Nd2 Bf5 10. Nxe4 Bxe4 11. Bh3 Nc6 12. Nxc6 bxc6 13. f3 Bf5 14. Bxf5 gxf5
15. Be3 Qb6 16. Qd3 Qb5 17. Rfd1 Rfb8 18. b3 Qxd3 19. Rxd3 a5 20. Rc1 Rb6 21.
Bd2 e6 22. a4 Rab8 23. Rb1 Bf8 24. Bxa5 Ra6 25. Bc7 Rb7 26. Be5 Rxa4 27. Rc1 Ra6
28. Rdc3 Bg7 29. Bxg7 Kxg7 30. Rxc6 1/2-1/2

[Event "15th BCC Open 2015"]
[Site "Pattaya THA"]
[Date "2015.04.15"]
[Round "5.1"]
[White "Gustafsson, Jan"]
[Black "Vallejo Pons, Francisco"]
[Result "1/2-1/2"]
[WhiteTitle "GM"]
[BlackTitle "GM"]
[WhiteElo "2639"]
[BlackElo "2708"]
[WhiteFideId "4625498"]
[BlackFideId "2205530"]
[EventDate "2015.04.12"]

1. c4 c5 2. Nc3 Nc6 3. Nf3 e5 4. e3 Nf6 5. Be2 d5 6. d4 exd4 7. exd4 cxd4 8.
Nxd4 dxc4 9. Nxc6 Qxd1+ 10. Nxd1 bxc6 11. Bxc4 Bb4+ 12. Nc3 Ne4 13. O-O Nxc3 14.
Re1+ Be6 15. a3 Be7 16. Bxe6 fxe6 17. bxc3 Kf7 18. Re4 Rab8 19. Be3 Rb3 20. Rc4
c5 21. Bxc5 Rc8 22. Rf4+ Bf6 23. Bd4 Rc4 24. g3 Ra4 25. Kg2 Raxa3 26. Rxa3 Rxa3
27. Bxf6 gxf6 28. Rh4 Kg6 29. Rg4+ Kf7 30. Rh4 Kg6 31. Rg4+ Kf7 32. Rh4 1/2-1/2

[Event "15th BCC Open 2015"]
[Site "Pattaya THA"]
[Date "2015.04.15"]
[Round "5.3"]
[White "Schebler, Gerhard"]
[Black "Ganguly, Surya Shekhar"]
[Result "1/2-1/2"]
[WhiteTitle "GM"]
[BlackTitle "GM"]
[WhiteElo "2451"]
[BlackElo "2603"]
[WhiteFideId "4603338"]
[BlackFideId "5002150"]
[EventDate "2015.04.12"]

1. e4 e6 2. d4 d5 3. Nc3 Bb4 4. Bd3 c5 5. exd5 Qxd5 6. Bd2 Bxc3 7. Bxc3 cxd4 8.
Bxd4 Qxg2 9. Qf3 Qxf3 10. Nxf3 f6 11. Rg1 Kf7 12. O-O-O Nc6 13. Bc5 Nge7 14. Nd2
Nf5 1/2-1/2

[Event "15th BCC Open 2015"]
[Site "Pattaya THA"]
[Date "2015.04.15"]
[Round "5.4"]
[White "Sammalvuo, Tapani"]
[Black "Horvath, Jozsef1"]
[Result "0-1"]
[WhiteTitle "IM"]
[BlackTitle "GM"]
[WhiteElo "2453"]
[BlackElo "2527"]
[WhiteFideId "501115"]
[BlackFideId "700061"]
[EventDate "2015.04.12"]

1. Nf3 g6 2. e4 Bg7 3. d4 d6 4. c4 e5 5. Nc3 Nc6 6. dxe5 dxe5 7. Qxd8+ Kxd8 8.
Bg5+ f6 9. O-O-O+ Bd7 10. Be3 Nh6 11. h3 Nf7 12. c5 Kc8 13. Bc4 Ncd8 14. g4 c6
15. Rdg1 Be6 16. Bd3 Kc7 17. h4 b6 18. g5 Nb7 19. gxf6 Bxf6 20. cxb6+ axb6 21.
Kc2 Nc5 22. Bxc5 bxc5 23. Nd2 Rhd8 24. b3 Nd6 25. a4 Rab8 26. Be2 Rb4 27. Rg3
Rdb8 28. h5 g5 29. h6 Be7 30. Nd1 Nxe4 31. Nxe4 Rxe4 32. Bd3 Bxb3+ 33. Kc1 Rxa4
34. Bxh7 Ra1+ 35. Kd2 Ra2+ 36. Ke3 Bd5 37. Nc3 Bxh1 38. Nxa2 Rb3+ 39. Bd3 c4 40.
Nc1 Bc5+ 41. Kd2 Rb2+ 42. Kd1 cxd3 43. Nxd3 Rb8 44. Nxc5 Kd6 45. Nd3 Be4 46. Re3
Kd5 47. f3 Bxd3 48. Rxd3+ Kc4 49. Rd6 c5 50. h7 Rb1+ 51. Kd2 Rh1 52. Rd7 Kb5 53.
Re7 Kb4 54. Rb7+ Kc4 55. Rd7 Rh4 56. Ke3 Kc3 57. Rd5 c4 58. Rxe5 Rxh7 59. Rxg5
Re7+ 60. Kf4 Kd4 61. Rg8 Rf7+ 62. Kg4 Rc7 63. Rd8+ Ke3 64. Re8+ Kf2 65. Ra8 c3
66. Ra1 Ke3 67. Ra3 Kd4 68. Ra1 c2 69. Rc1 Kd3 70. f4 Kd2 71. Rxc2+ Kxc2 72. Kf5
Kd3 73. Kg6 Ke4 74. f5 Ke5 75. f6 Rc6 0-1

[Event "15th BCC Open 2015"]
[Site "Pattaya THA"]
[Date "2015.04.15"]
[Round "5.5"]
[White "Dimakiling, Oliver"]
[Black "Ghosh, Diptayan"]
[Result "1-0"]
[WhiteTitle "IM"]
[BlackTitle "IM"]
[WhiteElo "2400"]
[BlackElo "2512"]
[WhiteFideId "5202248"]
[BlackFideId "5045207"]
[EventDate "2015.04.12"]

1. Nf3 Nf6 2. b3 g6 3. Bb2 Bg7 4. c4 O-O 5. Nc3 c6 6. e3 d5 7. Be2 Bg4 8. d4
Nbd7 9. cxd5 Nxd5 10. O-O Nxc3 11. Bxc3 Nb6 12. Qd2 Nd5 13. Bb2 a5 14. e4 Nc7
15. Rfd1 a4 16. Qe3 Qd6 17. b4 Bxf3 18. Qxf3 Qxb4 19. Ba3 Qa5 20. Bxe7 Rfe8 21.
Bd6 Ne6 22. e5 Rad8 23. Bc4 Ng5 24. Qg4 b5 25. Bf1 Ne6 26. Rac1 Rc8 27. h4 Bf8
28. h5 Ng7 29. hxg6 hxg6 30. d5 Nf5 31. dxc6 Qb6 32. Bd3 Nxd6 33. Bxg6 fxg6 34.
exd6 Rcd8 35. d7 1-0

[Event "15th BCC Open 2015"]
[Site "Pattaya THA"]
[Date "2015.04.15"]
[Round "5.6"]
[White "Laylo, Darwin"]
[Black "Swapnil, S. Dhopade"]
[Result "1/2-1/2"]
[WhiteTitle "GM"]
[BlackTitle "IM"]
[WhiteElo "2499"]
[BlackElo "2450"]
[WhiteFideId "5201330"]
[BlackFideId "5019184"]
[EventDate "2015.04.12"]

1. c4 c5 2. Nc3 Nc6 3. g3 g6 4. Bg2 Bg7 5. Rb1 e6 6. a3 a5 7. d3 Nge7 8. Be3 d6
9. Nf3 Nd4 10. O-O O-O 11. Bd2 Ndc6 12. Qc1 b6 13. Bh6 d5 14. Bxg7 Kxg7 15. Qf4
d4 16. Nb5 f6 17. Qc7 Rb8 18. b4 cxb4 19. axb4 Qxc7 20. Nxc7 Nxb4 21. Nxd4 Kf7
22. Ndb5 Rd8 23. d4 Bb7 24. e4 Bc6 25. Rfd1 Bxb5 26. Nxb5 e5 27. d5 Nc8 28. d6
Nc6 29. f4 N8a7 30. Rd5 Nxb5 31. cxb5 Nb4 32. Rd2 exf4 33. gxf4 Rbc8 34. e5 f5
35. Rxb4 Rc1+ 36. Kf2 axb4 37. Bd5+ Kf8 38. Re2 Rd1 39. Bc6 Kg7 40. e6 R1xd6 41.
e7 Rc8 42. e8=Q Rxe8 43. Rxe8 b3 44. Re2 Rd4 45. Ke3 Rb4 46. Rb2 Kf6 47. Bd5
Rxb5 48. Bg8 h6 1/2-1/2

[Event "15th BCC Open 2015"]
[Site "Pattaya THA"]
[Date "2015.04.15"]
[Round "5.7"]
[White "Ritviz, Parab"]
[Black "Torre, Eugenio"]
[Result "1/2-1/2"]
[BlackTitle "GM"]
[WhiteElo "2188"]
[BlackElo "2449"]
[WhiteFideId "5073367"]
[BlackFideId "5200016"]
[EventDate "2015.04.12"]
[EventType "swiss"]

1. e4 e5 2. Nf3 Nc6 3. Bb5 a6 4. Ba4 Nf6 5. O-O Nxe4 6. Re1 Nc5 7. Bxc6 dxc6 8.
d4 Ne6 9. Rxe5 Bd6 10. Re1 O-O 11. Nbd2 Re8 12. Nc4 Bf8 13. Be3 b6 14. Nce5 f6
15. Nd3 Qd5 16. Qd2 Bd6 17. Rac1 Qh5 18. Nf4 Nxf4 19. Bxf4 Bg4 20. Bxd6 cxd6 21.
Qf4 Bxf3 22. gxf3 Qg6+ 23. Kh1 Rxe1+ 24. Rxe1 Qxc2 25. Qxd6 h6 26. Rg1 Kh8 27.
Qc7 Rg8 28. Qxb6 Qxf2 29. Qxc6 Qxd4 30. Qxa6 Qxb2 31. a4 Qe5 32. Qb5 Qf4 33. Qc6
Qd2 34. Qb7 Qc3 35. Qd5 Qc7 36. Qb5 Rb8 37. Qd5 Qf4 38. Qe4 Qxe4 39. fxe4 Rb4
40. e5 fxe5 41. Ra1 Rb6 42. a5 Ra6 43. Kg2 Kg8 44. Kf3 Kf7 45. Ke4 Ke6 46. Ra2
g5 47. Rb2 Rxa5 48. Rb6+ Kf7 49. Rxh6 Kg7 50. Re6 Ra2 51. Kf5 Rxh2 52. Kxg5 1/2-1/2

[Event "15th BCC Open 2015"]
[Site "Pattaya THA"]
[Date "2015.04.15"]
[Round "5.8"]
[White "Short, Nigel D"]
[Black "Ikeda, Junta"]
[Result "1-0"]
[WhiteTitle "GM"]
[BlackTitle "IM"]
[WhiteElo "2664"]
[BlackElo "2403"]
[WhiteFideId "400025"]
[BlackFideId "3204731"]
[EventDate "2015.04.12"]
[EventType "swiss"]

1. e4 c5 2. Nf3 e6 3. d4 cxd4 4. Nxd4 a6 5. c4 Nf6 6. Nc3 Qc7 7. Be2 b6 8. O-O
Bb7 9. Qd3 d6 10. f4 Nbd7 11. b4 g6 12. Be3 Rc8 13. Rac1 Qb8 14. Nb3 Be7 15. Bf3
O-O 16. g4 Ne8 17. a3 Ba8 18. Nd2 Qc7 19. Bg2 Qd8 20. Qe2 Ng7 21. Rfd1 Re8 22.
Kh1 Kh8 23. Qf2 Rf8 24. Ne2 Qc7 25. Bd4 e5 26. Bb2 f5 27. exf5 Bxg2+ 28. Qxg2
gxf5 29. g5 Qc6 30. Nf3 Kg8 31. Nc3 Rfe8 32. Nd5 Bd8 33. Re1 Re6 34. fxe5 dxe5
35. Nxe5 Nxe5 36. Bxe5 Rg6 37. Bf6 Rxf6 38. gxf6 Bxf6 39. Ne7+ 1-0

[Event "15th BCC Open 2015"]
[Site "Pattaya THA"]
[Date "2015.04.15"]
[Round "5.9"]
[White "Socko, Bartosz"]
[Black "Lazarev, Vladimir"]
[Result "1-0"]
[WhiteTitle "GM"]
[BlackTitle "GM"]
[WhiteElo "2623"]
[BlackElo "2368"]
[WhiteFideId "1107038"]
[BlackFideId "4113250"]
[EventDate "2015.04.12"]
[EventType "swiss"]

1. e4 c5 2. Nf3 Nc6 3. d4 cxd4 4. Nxd4 Qc7 5. Nc3 e6 6. Be3 a6 7. Qd2 Nf6 8.
O-O-O Be7 9. f4 d6 10. Be2 O-O 11. g4 Nxd4 12. Bxd4 e5 13. Be3 Bxg4 14. Bxg4
Nxg4 15. Nd5 Qd8 16. Bb6 Qe8 17. Rhg1 Nf6 18. fxe5 Nxd5 19. exd5 Bd8 20. Bxd8
Qxd8 21. Qh6 g6 22. Rd3 Qd7 23. Rh3 f5 24. Rxg6+ Kh8 25. Rhg3 f4 26. Rg7 Qf5 27.
R3g5 Qe4 28. Rg8+ Rxg8 29. Qf6+ 1-0

[Event "15th BCC Open 2015"]
[Site "Pattaya THA"]
[Date "2015.04.15"]
[Round "5.10"]
[White "Ahlander, Bjorn"]
[Black "Rasmussen, Allan Stig"]
[Result "0-1"]
[WhiteTitle "IM"]
[BlackTitle "GM"]
[WhiteElo "2380"]
[BlackElo "2532"]
[WhiteFideId "1700251"]
[BlackFideId "1406000"]
[EventDate "2015.04.12"]
[EventType "swiss"]

1. e4 c6 2. d4 d5 3. exd5 cxd5 4. c4 Nf6 5. Nc3 g6 6. Nf3 Bg7 7. Be2 O-O 8. O-O
Nc6 9. h3 dxc4 10. Bxc4 b6 11. Re1 Bb7 12. a3 Rc8 13. Ba2 e6 14. Bg5 Ne7 15. Qd3
h6 16. Bf4 Nfd5 17. Bh2 Nf5 18. Ne4 Nf6 19. Nxf6+ Bxf6 20. Rad1 Bd5 21. Bb1 Bc4
22. Qe4 Bb3 23. Rd2 Bd5 24. Qd3 Bc4 25. Qe4 Bd5 26. Qd3 Qe7 27. Be5 Rfd8 28.
Red1 Bg7 29. Bxg7 Kxg7 30. Qe2 Nd6 31. Rc2 Qf6 32. Rxc8 Bxf3 33. gxf3 Nxc8 34.
Qe3 Ne7 35. Be4 Qh4 36. Kg2 Nd5 37. Bxd5 Rxd5 38. Rc1 Qxd4 39. Qxd4+ Rxd4 40.
Rc7 Ra4 41. Kg3 g5 42. Kg2 Kg6 43. Kg3 h5 44. Kg2 f6 45. Re7 Kf5 46. Rh7 Kg6 47.
Re7 Kf5 48. Rh7 h4 49. Rc7 Ra5 50. Rd7 Ke5 51. Kf1 Kf4 52. Kg2 Ke5 53. Kf1 a6
54. Ke2 Rc5 55. Ke3 Rc2 56. Ra7 Rxb2 57. Rxa6 f5 58. f4+ gxf4+ 59. Kf3 Rb3+ 60.
Kg2 f3+ 61. Kh2 Rb2 62. Kg1 Rb1+ 63. Kh2 Rf1 0-1

[Event "15th BCC Open 2015"]
[Site "Pattaya THA"]
[Date "2015.04.16"]
[Round "6.2"]
[White "Horvath, Jozsef1"]
[Black "Gustafsson, Jan"]
[Result "1/2-1/2"]
[WhiteTitle "GM"]
[BlackTitle "GM"]
[WhiteElo "2527"]
[BlackElo "2639"]
[WhiteFideId "700061"]
[BlackFideId "4625498"]
[EventDate "2015.04.12"]
[EventType "swiss"]

1. d4 d5 2. c4 e6 3. Nf3 Nf6 4. e3 Be7 5. Nc3 O-O 6. b3 b6 7. Bb2 Bb7 8. cxd5
Nxd5 9. Be2 Nd7 10. O-O c5 11. Rc1 Rc8 12. Nxd5 Bxd5 13. Qd3 cxd4 14. Rxc8 Qxc8
15. Qxd4 Bf6 16. Qd2 Qb7 17. Rc1 Rc8 18. Ne1 h6 19. f3 Rxc1 20. Qxc1 Bxb2 21.
Qxb2 Qc7 22. Nd3 a5 23. Qc1 Qxc1+ 24. Nxc1 e5 25. Kf2 Kf8 26. Bb5 Nc5 27. Ke2
Ke7 28. Kd2 Kd6 29. Kc3 f5 30. a3 g5 31. b4 axb4+ 32. axb4 Ne6 33. Ne2 f4 34. e4
Bb7 35. Kd3 Nc7 36. Nc3 Bc8 37. Bc4 Bd7 38. Nd5 Nxd5 39. Bxd5 h5 40. Bf7 Bb5+
41. Bc4 Be8 42. Ke2 Ke7 43. Kf2 Kf6 44. h3 Bd7 45. Ke1 h4 1/2-1/2

[Event "15th BCC Open 2015"]
[Site "Pattaya THA"]
[Date "2015.04.16"]
[Round "6.3"]
[White "Socko, Bartosz"]
[Black "Dimakiling, Oliver"]
[Result "1-0"]
[WhiteTitle "GM"]
[BlackTitle "IM"]
[WhiteElo "2623"]
[BlackElo "2400"]
[WhiteFideId "1107038"]
[BlackFideId "5202248"]
[EventDate "2015.04.12"]
[EventType "swiss"]

1. d4 e6 2. e4 c5 3. Nf3 a6 4. c3 Qc7 5. Bd3 d6 6. O-O Nd7 7. Bf4 Ne7 8. Bg3 Ng6
9. Nbd2 Be7 10. e5 d5 11. h4 b5 12. h5 Ngf8 13. dxc5 Nxc5 14. Bc2 Bb7 15. Nd4
Nfd7 16. Qg4 g6 17. b4 Na4 18. hxg6 hxg6 19. Bxg6 Nf8 20. Bh5 Qxc3 21. N2b3 Qd3
22. Bh4 Qh7 23. Nxe6 Bxh4 24. Ng7+ Qxg7 25. Qxg7 Rxh5 26. e6 Nxe6 27. Rfe1 O-O-O
28. Rxe6 Rdh8 29. Re8+ Rxe8 30. Qg4+ Kb8 31. Qxh5 Bd8 32. Qxf7 Re4 33. Qf8 Kc7
34. Na5 1-0